Extensions and Absolutes of Hausdorff Spaces

Αποθηκεύτηκε σε:
Λεπτομέρειες βιβλιογραφικής εγγραφής
Κύριος συγγραφέας: Porter, Jack R.
Άλλοι συγγραφείς: Woods, Grant R.
Μορφή: Βιβλίο
Γλώσσα:English
Δημοσίευση: New York : Springer-Verlag, c1988
Θέματα:
Ετικέτες: Προσθήκη ετικέτας
Δεν υπάρχουν, Καταχωρήστε ετικέτα πρώτοι!

MARC

LEADER 00000nam a2200000 i 4500
001 1/31550
008 941103s1988 eng d
020 |a 0-387-96212-3 
035 |a 1993  |c ΧΑΡΑΛΑΜΠΟΥΣ  |l 10038858 
040 |a GR-MY-UA  |b gre  |e aacr 
041 0 |a eng 
082 0 |a 515.73 
100 1 |a Porter, Jack R. 
245 1 0 |a Extensions and Absolutes of Hausdorff Spaces /  |c Jack R. Porter, R. Grant Woods 
260 |a New York :   |b Springer-Verlag,   |c c1988 
300 |a 856 p.;  |c 25 cm. 
500 |a Includes bibliographical references and index 
650 0 0 |a Hausdorff compactifications. 
650 0 0 |a Linear topological spaces. 
700 1 |a Woods, Grant R. 
852 |a INST  |b SAMOS  |e 19941103  |h 515.73 POR  |p 005300003875  |q 005300003875  |t BK  |y 0 
909 |a Σ  |b 025488